| 000 | 00414nam a22001577a 4500 | ||
|---|---|---|---|
| 999 |
_c3169 _d3169 |
||
| 008 | 200320b ||||| |||| 00| 0 eng d | ||
| 020 | _a0333243544 | ||
| 082 | 0 | 0 |
_a621.4021076 _bB7888 |
| 100 |
_92100 _aBoxer, G. |
||
| 245 | 1 | 0 |
_aApplication of engineering thermodynamics / _cby G. Boxer |
| 250 | _a1st ed. | ||
| 260 |
_aLondon _bMacMillan _c1979 |
||
| 300 | _ax, 170 p. | ||
| 650 | 0 | _aThermodynamics | |
| 942 | _cBK | ||